[Event "Challenge"]
[Site "http://www.queenalice.com/game.php?id=609426"]
[Date "2009.6.27"]
[Round "-"]
[White "marcyo"]
[Black "marcelotorres"]
[Result "0-1"]
[WhiteElo "1577"]
[BlackElo "1744"]

1. e4 e6 2. Nc3 Bb4 3. Nce2 d5 4. c3 Bd6 5. exd5 exd5 6. d4 Nf6 7. Bg5 O-O 8.
Bxf6 Qxf6 9. g3 Re8 10. Bg2 c6 11. b4 g6 12. Bh3 Bxh3 13. Nxh3 Qf3 14. Kd2 Nd7
15. Re1 Nf6 16. Neg1 Qg2 17. Qf3 Qxf3 18. Nxf3 Ne4+ 19. Kc2 a5 20. a3 axb4 21.
cxb4 Ra4 22. Nhg1 Re7 23. Nh3 b6 24. Nd2 c5 25. Nf4 Nxf2 26. Rxe7 Bxe7 27. Nxd5
Bd8 28. Nxb6 Bxb6 29. Kb3 Ra8 30. dxc5 Bc7 31. b5 Nd3 32. Ne4 Ra5 33. a4 Be5 34.
Rd1 Nb2 35. Kb4 Rxa4+ 36. Kb3 Rxe4 37. Rc1 Na4 38. c6 Bc7 39. Rc4 Rxc4 40. Kxc4
Nb6+ 41. Kb4 Kf8 42. Ka5 Ke7 43. Ka6 Kd6 44. h4 f5 45. Kb7 h6 46. Ka6 g5 47. Ka5
gxh4 48. gxh4 f4 49. Kb4 f3 0-1

[Event "Challenge"]
[Site "http://www.queenalice.com/game.php?id=610441"]
[Date "2009.6.28"]
[Round "-"]
[White "marcyo"]
[Black "MANIUQUE"]
[Result "0-1"]
[WhiteElo "1549"]
[BlackElo "1793"]

1. e4 e5 2. Nf3 Nc6 3. d3 Nf6 4. Bg5 Be7 5. Bxf6 Bxf6 6. c3 O-O 7. d4 d6 8. d5
Ne7 9. c4 Bg4 10. g3 c6 11. Nbd2 cxd5 12. cxd5 Qb6 13. Nc4 Qb4+ 14. Qd2 Qxd2+
15. Nfxd2 Bg5 16. Nxd6 Bxd2+ 17. Kxd2 Bf3 18. Rg1 f5 19. Bd3 fxe4 20. Bxe4 Bxe4
21. Nxe4 Nxd5 22. Rgf1 Rad8 23. h4 Nf6+ 24. Ke3 Ng4+ 25. Ke2 Rd4 26. f3 Nf6 27.
g4 Nxe4 28. fxe4 Rxe4+ 29. Kd3 Rxg4 30. Rxf8+ Kxf8 31. Rf1+ Ke7 32. Re1 Ke6 33.
h5 Rh4 34. Rg1 Rd4+ 35. Kc3 Rd7 36. b4 a6 37. Kc4 e4 38. b5 Kf5 39. Kc5 axb5 40.
Kxb5 e3 41. Re1 Kf4 42. Kb6 Kf3 43. Ka7 Kf2 44. Rb1 e2 45. Rb2 Kf1 0-1

[Event "Challenge"]
[Site "http://www.queenalice.com/game.php?id=610447"]
[Date "2009.6.28"]
[Round "-"]
[White "marcyo"]
[Black "raymundo"]
[Result "1-0"]
[WhiteElo "1519"]
[BlackElo "1925"]

1. e4 c5 2. d3 Nc6 3. g3 Nf6 4. b3 d6 5. Be2 g6 6. Bb2 Bg7 7. Bxf6 Bxf6 8. Qd2
Bxa1 9. c3 O-O 10. Qc1 f5 11. Nd2 Bxc3 12. Qxc3 fxe4 13. dxe4 Nd4 14. Bc4+ Be6
15. Ngf3 Nxf3+ 16. Nxf3 d5 17. Ng5 Qd7 18. Nxe6 Rf6 19. Nxc5 Qc7 20. Bxd5+ Kg7
21. Ne6+ Kh6 22. Nxc7 Rc8 23. Qe3+ g5 24. h4 Kg6 25. Qxg5# 1-0

[Event "Challenge"]
[Site "http://www.queenalice.com/game.php?id=610480"]
[Date "2009.6.29"]
[Round "-"]
[White "marcyo"]
[Black "DrIgO"]
[Result "1-0"]
[WhiteElo "1419"]
[BlackElo "1494"]

1. e4 d5 2. Nc3 Nf6 3. e5 Ng4 4. d4 e6 5. Qxg4 Bb4 6. Qxg7 Rf8 7. Bb5+ c6 8. Bh6
Ke7 9. Bg5+ Ke8 10. Bxd8 cxb5 11. Qg5 Nc6 12. Bc7 Be7 13. Qg4 a5 14. Nxb5 Nb4
15. Qe2 b6 16. Bxb6 Na6 17. Nd6+ Bxd6 18. exd6 Rb8 19. Qb5+ Bd7 20. Qxa6 Rc8 21.
Nf3 f5 22. Ne5 Rg8 23. Nxd7 Kxd7 24. O-O-O Ra8 25. Qb7+ Ke8 26. Qxa8+ Kf7 27.
Qxa5 f4 28. Rhg1 h5 29. d7 h4 30. d8=Q Rxd8 31. Bxd8 Kg6 32. g3 fxg3 33. hxg3
hxg3 34. Rxg3+ Kf5 35. Rg5+ Ke4 36. Qe1+ Kf3 37. Qe3# 1-0

[Event "Challenge"]
[Site "http://www.queenalice.com/game.php?id=610481"]
[Date "2009.6.29"]
[Round "-"]
[White "marcyo"]
[Black "mmarco"]
[Result "0-1"]
[WhiteElo "1620"]
[BlackElo "1397"]

1. e4 e5 2. Nf3 d6 3. Nc3 c6 4. d3 Bg4 5. Be2 Bxf3 6. Bxf3 b5 7. b4 a5 8. bxa5
Qxa5 9. Bd2 b4 10. Nb1 d5 11. Na3 Qxa3 12. O-O Bc5 13. Qb1 Ra4 14. Bd1 b3 15.
cxb3 Ra7 16. b4 Rb7 17. Bc1 Qa7 18. a3 h5 19. Bxh5 Rxh5 20. bxc5 Rxb1 21. Rxb1
Na6 22. g4 Rh8 23. Rb6 dxe4 24. dxe4 Ne7 25. Be3 f6 26. Rfb1 Kf7 27. Rb7 Qa8 28.
g5 Rd8 29. g6+ Kf8 30. f4 Rd3 31. R1b3 Rxe3 32. Rxe3 Qxb7 33. f5 Qb1+ 34. Kf2
Nxc5 35. h4 Nd3+ 36. Ke2 Qc2+ 37. Kf3 Qf2+ 38. Kg4 Qxe3 39. h5 Qg5+ 0-1

[Event "Challenge"]
[Site "http://www.queenalice.com/game.php?id=610485"]
[Date "2009.6.29"]
[Round "-"]
[White "marcyo"]
[Black "epc"]
[Result "1-0"]
[WhiteElo "1639"]
[BlackElo "1614"]

1. e4 e5 2. Nc3 Nf6 3. d3 d5 4. Nf3 d4 5. Na4 Nc6 6. c3 Bg4 7. Bg5 Be7 8. Bxf6
Bxf6 9. Be2 O-O 10. Nd2 Bxe2 11. Qxe2 Re8 12. O-O Bg5 13. g3 b5 14. Nc5 Rb8 15.
h4 Be7 16. Na6 Rb6 17. Nb4 Nxb4 18. cxb4 Bxb4 19. Nf3 c5 20. a3 Ba5 21. Rac1 Rc6
22. Nd2 b4 23. axb4 Bxb4 24. Nc4 a5 25. f4 exf4 26. Rxf4 Rf6 27. Rcf1 Ree6 28.
e5 Rg6 29. Kg2 f6 30. Qf2 h5 31. Qf3 a4 32. Qxh5 Kf7 33. exf6 gxf6 34. g4 Be1
35. Ne5+ Rxe5 36. Qxe5 Bxh4 37. Qxc5 Qd7 38. Qh5 Bg5 39. Rf5 Qc6+ 40. R5f3 Qc2+
41. R1f2 Qc6 42. Qh7+ Rg7 43. Qh5+ Rg6 44. Qh7+ Rg7 45. Qe4 Qd6 46. Qb7+ Kg6 47.
Qe4+ Kf7 48. Rf5 a3 49. bxa3 Qxa3 50. Qd5+ Kg6 51. Qxd4 Qa6 52. Qe4 Qb7 53.
Rxf6# 1-0

[Event "Challenge"]
[Site "http://www.queenalice.com/game.php?id=610668"]
[Date "2009.6.29"]
[Round "-"]
[White "marcyo"]
[Black "feramach"]
[Result "1-0"]
[WhiteElo "1519"]
[BlackElo "1365"]

1. e4 d5 2. exd5 Qxd5 3. Nc3 Qe5+ 4. Nge2 Nc6 5. d4 Qa5 6. Bd2 e6 7. Ne4 Qb6 8.
a4 Qxb2 9. Bc3 Qb6 10. a5 Qa6 11. Nc1 b5 12. Be2 f5 13. Nc5 Bxc5 14. dxc5 Nf6
15. Bxf6 gxf6 16. Nb3 Ne7 17. Nd4 1-0

[Event "Challenge"]
[Site "http://www.queenalice.com/game.php?id=621732"]
[Date "2009.7.20"]
[Round "-"]
[White "marcyo"]
[Black "vult0"]
[Result "1-0"]
[WhiteElo "1518"]
[BlackElo "1779"]

1. e4 e5 2. d3 Nc6 3. Nf3 d6 4. Be2 b6 5. Nc3 Be7 6. O-O Bf6 7. Be3 Nge7 8. a3
Bb7 9. b4 Qd7 10. b5 Nd8 11. a4 Ne6 12. g3 c5 13. Ng5 Nxg5 14. Bg4 Qxg4 15. Qxg4
Ne6 16. f4 exf4 17. Bd2 fxg3 18. Qxg3 Rd8 19. a5 O-O 20. Rxf6 Ng6 21. Rf3 Nd4
22. Rf2 Nxc2 23. Rc1 Nd4 24. a6 Ba8 25. h4 Kh8 26. h5 Ne5 27. h6 g6 28. Bg5 Rd7
29. Bf6+ Kg8 30. Bxe5 dxe5 31. Qxe5 1-0

[Event "Challenge"]
[Site "http://www.queenalice.com/game.php?id=621734"]
[Date "2009.7.20"]
[Round "-"]
[White "marcyo"]
[Black "toninhnodaprata"]
[Result "0-1"]
[WhiteElo "1593"]
[BlackElo "1834"]

1. e4 e5 2. d3 Nc6 3. Nf3 Nf6 4. Bg5 h6 5. Bxf6 Qxf6 6. Be2 Bc5 7. c3 d6 8. b4
Bb6 9. Qa4 O-O 10. b5 Ne7 11. c4 Bd7 12. Nc3 Qg6 13. Nh4 Qg5 14. Nf3 Qxg2 15.
O-O-O Qxf2 16. Rhf1 Qe3+ 17. Rd2 a6 18. h4 axb5 19. Qb4 Ba5 20. Qb3 Bxc3 21.
Qxc3 Rxa2 22. Rd1 Rxd2 23. Rxd2 bxc4 24. Qxc4 Qc5 25. Ra2 Qe3+ 26. Kd1 Be6 27.
Qxc7 Bxa2 28. Qxe7 Bb3+ 29. Ke1 Rc8 30. Kf1 Rc1+ 31. Ne1 Qf4+ 0-1

[Event "AUTO-INT-1389"]
[Site "http://www.queenalice.com/game.php?id=623704"]
[Date "2009.7.24"]
[Round "1"]
[White "Wenderson"]
[Black "marcyo"]
[Result "1-0"]
[WhiteElo "1764"]
[BlackElo "1534"]

1. e4 e5 2. Nf3 d6 3. Nc3 Bg4 4. Bc4 Bxf3 5. Qxf3 Nf6 6. d3 Be7 7. Bg5 Nbd7 8.
Nd5 O-O 9. Nxf6+ Nxf6 10. Bxf6 Bxf6 11. O-O-O c5 12. Bd5 b5 13. Bxa8 Qxa8 14.
Qf5 g6 15. Qxf6 Qc6 16. h4 c4 17. h5 Qe8 18. h6 Qe6 19. Qg7# 1-0

[Event "AUTO-INT-1389"]
[Site "http://www.queenalice.com/game.php?id=623705"]
[Date "2009.7.24"]
[Round "1"]
[White "marcyo"]
[Black "Wenderson"]
[Result "0-1"]
[WhiteElo "1582"]
[BlackElo "1712"]

1. e4 e5 2. d3 Nf6 3. Bg5 Be7 4. Nf3 d6 5. Bxf6 Bxf6 6. Nc3 Bg4 7. Be2 Bxf3 8.
Bxf3 Nc6 9. Nd5 Bg5 10. c3 Ne7 11. h4 Bh6 12. c4 Nc6 13. b3 Ne7 14. Bh5 Nxd5 15.
cxd5 O-O 16. a4 c6 17. f3 Qa5+ 18. Kf1 Qc3 19. g4 Bf4 20. Ra2 g6 21. Rc2 Qxb3
22. Rc1 Qxd1+ 23. Rxd1 gxh5 24. gxh5 Kh8 25. a5 Rg8 0-1

[Event "AUTO-INT-1389"]
[Site "http://www.queenalice.com/game.php?id=623718"]
[Date "2009.7.24"]
[Round "1"]
[White "SGF"]
[Black "marcyo"]
[Result "1-0"]
[WhiteElo "1682"]
[BlackElo "1565"]

1. e4 e5 2. Qf3 d6 3. h3 Bd7 4. d3 Be7 5. Nc3 Nf6 6. Qg3 Nh5 7. Qf3 g6 8. g4 Nf4
9. Bxf4 exf4 10. Nd5 g5 11. h4 gxh4 12. Qxf4 Bg5 13. Qf3 c6 14. Nf4 c5 15. Nh5
O-O 16. Nh3 Nc6 17. Nxg5 Ne5 18. Qf6 Qxf6 19. Nxf6+ Kg7 20. Rxh4 Kxf6 21. Nxh7+
Ke7 22. Nxf8 Rxf8 23. Be2 Rg8 24. O-O-O Ng6 25. Rh6 Nf4 26. Re1 Bxg4 27. Bxg4
Rxg4 28. e5 Rg6 29. Rxg6 fxg6 30. Re4 dxe5 31. Rxe5+ Kd6 32. Rg5 b5 33. Rg4 Ke5
34. f3 b4 35. Rg5+ Kd4 36. Kd2 a5 37. c3+ 1-0

[Event "AUTO-INT-1389"]
[Site "http://www.queenalice.com/game.php?id=623719"]
[Date "2009.7.24"]
[Round "1"]
[White "marcyo"]
[Black "SGF"]
[Result "0-1"]
[WhiteElo "1549"]
[BlackElo "1727"]

1. e4 e5 2. d3 Qf6 3. Nf3 h6 4. c3 d6 5. Be2 Be7 6. Nbd2 Qg6 7. g3 h5 8. Nc4 Bg4
9. h4 Bxf3 10. Bxf3 Nc6 11. Ne3 Nf6 12. Nf5 O-O-O 13. b4 Nd7 14. g4 hxg4 15.
Bxg4 f6 16. b5 Rde8 17. bxc6 bxc6 18. Rb1 Kd8 19. h5 Qf7 20. h6 gxh6 21. Bh5
Qxa2 22. Rb2 Qa5 23. Bxe8 Qxc3+ 24. Rd2 Kxe8 25. Bb2 Qb4 26. Qa1 a5 27. Bc3 Qb5
28. Bxa5 Nc5 29. d4 Nd3+ 30. Kd1 Qb3+ 31. Ke2 exd4 32. Rxd3 Qc2+ 33. Rd2 Qxe4+
34. Ne3 dxe3 35. fxe3 d5 36. Rd4 Qg2+ 37. Kd3 c5 38. Rg1 Qf3 39. Rf1 Qg2 40.
Rdf4 Qg6+ 41. Rf5 c4+ 42. Kd4 c6 43. Bb4 Bxb4 44. Qa8+ Kd7 45. Qxh8 Qg4+ 46.
R5f4 Qe6 47. e4 Bd2 48. Rxf6 Qxe4+ 49. Kc5 Qe3# 0-1

[Event "AUTO-INT-1389"]
[Site "http://www.queenalice.com/game.php?id=623728"]
[Date "2009.7.24"]
[Round "1"]
[White "marcyo"]
[Black "Givanildo"]
[Result "1-0"]
[WhiteElo "1560"]
[BlackElo "1584"]

1. e4 e5 2. d3 h6 3. Nf3 d6 4. Be2 d5 5. Nxe5 Qf6 6. f4 d4 7. Ng4 Qh4+ 8. g3 Qh3
9. Bf1 Bb4+ 10. c3 Bxg4 11. Qa4+ Bd7 12. Qxb4 Qe6 13. f5 Qa6 14. Qxd4 Nc6 15.
Qe3 Ne5 16. d4 Qb6 17. dxe5 Qxe3+ 18. Bxe3 b6 19. Nd2 f6 20. Nc4 fxe5 21. Nxe5
Ne7 22. O-O-O Ba4 23. b3 b5 24. bxa4 bxa4 25. Bb5+ c6 26. Nxc6 Nxc6 27. Bxc6+
Kf7 28. Rd7+ Kf8 29. Bxa8 Rh7 30. Bc5+ Ke8 31. Rhd1 h5 32. Rd8+ Kf7 33. e5 g5
34. R1d7# 1-0

[Event "AUTO-INT-1389"]
[Site "http://www.queenalice.com/game.php?id=623729"]
[Date "2009.7.24"]
[Round "1"]
[White "Givanildo"]
[Black "marcyo"]
[Result "0-1"]
[WhiteElo "1426"]
[BlackElo "1573"]

1. e4 e5 2. Bc4 Nf6 3. Nc3 d6 4. d3 c6 5. Bg5 b5 6. Bxf7+ Kxf7 7. Qf3 h6 8. Bh4
Bg4 9. Qxg4 g5 10. Qf5 gxh4 11. Nf3 Qd7 12. Nxh4 Qxf5 13. Nxf5 b4 14. Na4 c5 15.
O-O Nc6 16. a3 a5 17. Nb6 Rb8 18. Nc4 Rd8 19. a4 Kg6 20. h4 h5 21. Rae1 Nd4 22.
g4 hxg4 23. Kg2 Nxc2 24. Rc1 b3 25. f4 Nh5 26. fxe5 d5 27. exd5 Rxd5 28. Nfd6
Rxd3 29. Nf7 Ne3+ 30. Nxe3 Rxe3 31. Rf6+ Nxf6 32. Nxh8+ Kg7 33. exf6+ Kxh8 34.
Kf1 Rf3+ 35. Kg2 Rxf6 36. Kg3 Rg6 37. h5 Rg5 38. Kh4 Be7 39. Kg3 Kh7 40. Rd1 Kh6
41. Kh4 Rd5+ 42. Kxg4 Rxd1 43. Kf5 Kxh5 44. Ke6 Bg5 45. Kf5 Bc1 46. Ke4 Bxb2 47.
Ke3 c4 48. Ke2 Rd6 0-1

[Event "Challenge"]
[Site "http://www.queenalice.com/game.php?id=665551"]
[Date "2009.10.10"]
[Round "-"]
[White "marcyo"]
[Black "digger"]
[Result "1-0"]
[WhiteElo "1565"]
[BlackElo "1644"]

1. e4 d5 2. exd5 Qxd5 3. c4 Qe4+ 4. Qe2 Qxe2+ 5. Bxe2 e5 6. Nf3 e4 7. Ng1 Nf6 8.
d3 Nc6 9. Bg5 exd3 10. Bxd3 Be6 11. Bxf6 gxf6 12. a3 O-O-O 13. Be2 Nd4 14. Kf1
Nc2 15. Ra2 Bc5 16. b4 Nxb4 17. axb4 Bd4 18. Nf3 Bf5 19. Rd2 Bxb1 20. Nxd4 Bg6
21. h4 Rhe8 22. h5 Be4 23. f3 Bc6 24. b5 Bd7 25. Bd3 Re7 26. Bxh7 Rde8 27. Re2
f5 28. Rxe7 Rxe7 29. Nxf5 Re5 30. g4 Be6 31. Kf2 Bxc4 32. Bg8 Re2+ 33. Kg3 Re8
34. Rc1 Rxg8 35. Ne7+ Kd8 36. Nxg8 Bxb5 37. h6 Bd3 38. Rd1 1-0

[Event "Challenge"]
[Site "http://www.queenalice.com/game.php?id=665553"]
[Date "2009.10.10"]
[Round "-"]
[White "marcyo"]
[Black "nuage"]
[Result "1-0"]
[WhiteElo "1589"]
[BlackElo "1354"]

1. e4 e5 2. Nf3 Nc6 3. Bb5 a6 4. Bxc6 dxc6 5. Nxe5 f6 6. Nf3 Ne7 7. d3 Bg4 8.
Nbd2 Ng6 9. h3 Bxf3 10. Nxf3 c5 11. c4 Bd6 12. O-O Ne5 13. b3 g5 14. d4 cxd4 15.
Nxd4 Qe7 16. Nf5 Qf7 17. Nh6 Qg6 18. Nf5 Rd8 19. f4 Bc5+ 20. Kh1 Rxd1 21. Rxd1
Qh5 22. Ng7+ Kf7 23. Nxh5 Nc6 24. Rd7+ Be7 25. Rxc7 gxf4 26. Bxf4 Kg6 27. g4 b6
28. Rxc6 Bc5 29. Rxf6# 1-0

[Event "Challenge"]
[Site "http://www.queenalice.com/game.php?id=666701"]
[Date "2009.10.13"]
[Round "-"]
[White "marcyo"]
[Black "Tvz"]
[Result "1-0"]
[WhiteElo "1632"]
[BlackElo "1392"]

1. e4 e5 2. Nf3 Qf6 3. d3 Bc5 4. Bg5 Qb6 5. b3 f6 6. Bh4 Nc6 7. Nbd2 Qa5 8. Be2
Nh6 9. O-O O-O 10. Nc4 Qb4 11. a3 Qc3 12. b4 a5 13. bxc5 Nd4 14. Nxd4 1-0

[Event "Challenge"]
[Site "http://www.queenalice.com/game.php?id=674793"]
[Date "2009.10.30"]
[Round "-"]
[White "marcyo"]
[Black "burnthepoliticians"]
[Result "1-0"]
[WhiteElo "1597"]
[BlackElo "1676"]

1. e4 c5 2. Nc3 Nc6 3. Bb5 g6 4. Bxc6 bxc6 5. Nf3 Bg7 6. d4 cxd4 7. Nxd4 Bxd4 8.
Qxd4 Nf6 9. Bg5 Ba6 10. O-O-O O-O 11. e5 Nh5 12. g4 Ng7 13. Bh6 Qb6 14. Qxd7
Qxf2 15. Qxc6 Qh4 16. g5 Rfc8 17. Qxa6 Nf5 18. Nd5 Nxh6 19. Nxe7+ 1-0

[Event "Challenge"]
[Site "http://www.queenalice.com/game.php?id=731812"]
[Date "2010.2.14"]
[Round "-"]
[White "marcyo"]
[Black "babycrocket"]
[Result "0-1"]
[WhiteElo "1639"]
[BlackElo "1803"]

1. e4 d5 2. exd5 e6 3. Bb5+ Bd7 4. Bxd7+ Qxd7 5. dxe6 Qxe6+ 6. Ne2 Nc6 7. d4
O-O-O 8. O-O Nf6 9. c3 h6 10. Nf4 Qd7 11. Be3 Kb8 12. b4 b6 13. b5 Na5 14. Na3
Bxa3 15. Qa4 Bb2 16. Rab1 Bxc3 17. Rb3 Nxb3 18. Qxb3 Ba5 0-1

[Event "Challenge"]
[Site "http://www.queenalice.com/game.php?id=731813"]
[Date "2010.2.14"]
[Round "-"]
[White "marcyo"]
[Black "Omar"]
[Result "0-1"]
[WhiteElo "1654"]
[BlackElo "1689"]

1. e4 e5 2. Nf3 d6 3. d4 exd4 4. Nxd4 a6 5. Be2 Nf6 6. Bg5 h6 7. Bxf6 Qxf6 8.
O-O c5 9. Nf3 Qxb2 10. Nbd2 Qf6 11. Nc4 Nc6 12. Nb6 Rb8 13. Nd5 Qd8 14. c3 Ne7
15. c4 b5 16. Rb1 Bd7 17. Nc3 Bc6 0-1